000 01091nam a2200277Ia 4500
001 ebr10185550
003 CaPaEBR
006 m u
007 cr cn|||||||||
008 070112s2007 enk s 000 0 eng d
020 _z9781846634949
040 _aCaPaEBR
_cCaPaEBR
035 _a(OCoLC)648296965
050 1 4 _aHD6054.3
_b.D58 2007eb
245 0 0 _aDiversity perspectives in European management
_h[electronic resource] /
_cguest editors, Beverley Metcalfe and Sandra Fielden.
260 _aBradford :
_bEmerald Group Press,
_cc2007.
300 _a103 p.
490 0 _aWomen in Management Review ;
_v22, no. 4
533 _aElectronic reproduction.
_bPalo Alto, Calif. :
_cebrary,
_d2009.
_nAvailable via World Wide Web.
_nAccess may be limited to ebrary affiliated libraries.
650 0 _aWomen executives.
650 0 _aBusinesswomen.
655 7 _aElectronic books.
_2local
700 1 _aMatlay, Harry.
710 2 _aebrary, Inc.
856 4 0 _uhttp://site.ebrary.com/lib/rucke/Doc?id=10185550
_zAn electronic book accessible through the World Wide Web; click to view
999 _c240202
_d240202